|
|
|
|
| LEADER |
00000cam a2200000 7i4500 |
| 001 |
0000002502 |
| 005 |
20030710.0 |
| 020 |
0 |
0 |
|a 9676113727
|
| 090 |
0 |
0 |
|a 658.4209595
|b HNG 2003
|
| 100 |
1 |
0 |
|a HNG
|h Hung Yong
|
| 245 |
1 |
0 |
|a Ketua pegawai eksekutif Malaysia :
|b strategi dalam pembangunan negara
|c Hng Hung Yong, penterjemah, Mokhtar Ahmad
|
| 260 |
0 |
0 |
|a Kuala Lumpur :
|b Institut Terjemahan Negara Malaysia ,
|c 2003
|
| 300 |
|
|
|a xvi, 182 p. :
|b ill. ;
|c 25 cm.
|
| 500 |
0 |
0 |
|a Includes index
|
| 650 |
0 |
0 |
|a Chief executive officers
|z Malaysia
|
| 651 |
0 |
0 |
|a Malaysia
|x Economic conditions
|
| 651 |
0 |
0 |
|a Malaysia
|x Politics and government
|
| 651 |
0 |
0 |
|a Malaysia
|x Social conditions
|
| 700 |
0 |
1 |
|a Mokhtar Ahmad
|
| 998 |
|
|
|a JPSM
|
| 999 |
|
|
|a 0000004947
|b Monograph
|c Open Shelf
|e Default branch
|